| 000 | 01168nam a22003377a 4500 | ||
|---|---|---|---|
| 003 | CHAP | ||
| 005 | 20220329134729.0 | ||
| 008 | 971013s1962 r 00010 d | ||
| 010 | _a24971 | ||
| 011 | _a25943 | ||
| 035 | _a30043 | ||
| 040 | _cCHAP | ||
| 090 | _aFolleto 4241 | ||
| 110 |
_aInstituto Interamericano de Ciencias Agrícolas de la OEA. _959209 |
||
| 245 | _aDiserte con fotos | ||
| 260 |
_aTurrialba : _bInstituto Interamericano de Ciencias Agrícolas de la OEA, _c1962 |
||
| 300 |
_a16 p. _b: ilus |
||
| 490 | _aAyudas audiovisuales para la extensión agrícola | ||
| 590 |
_aBATCH-UPD _b10 _c20130110 _lUCH01 _h0133 |
||
| 590 |
_aBATCH-UPD _b10 _c20130110 _lUCH01 _h1916 |
||
| 590 |
_aBATCH-UPD _b10 _c20130409 _lUCH01 _h2129 |
||
| 590 |
_aBATCH-UPD _b10 _c20130410 _lUCH01 _h1242 |
||
| 590 |
_aBATCH-UPD _b10 _c20130914 _lUCH01 _h0506 |
||
| 590 |
_aCONVERSION _b10 _c20130109 _lUCH01 _h1314 |
||
| 650 | 1 | 4 |
_aExtensión agrícola. _939144 |
| 650 | 1 | 4 |
_aFotografía en agricultura. _942718 |
| 830 | 0 |
_aAyudas audiovisuales para la extensión agrícola _99041 |
|
| 901 | _aBK | ||
| 942 | _cFOLL | ||
| 949 |
_aFolleto 4241 _bBC _cFOLL _d-69332 _eTS1 _i30043 _mD _si |
||
| 999 |
_c24971 _d24971 |
||